• 首页
  • 本馆介绍
  • 公告通知
  • 最新文献
  • 馆藏检索
  • 电子资源
  • 读者导购
  • 参考咨询
  • 我的图书馆
  • 登录
  • 详细信息显示
  • 放入我的书架
  • 预约/预借图书
  • 作者相关作品
  • 分类相关作品
  • 丛书相关作品
  • 出版社相关作品

书目信息

  • 表格格式
  • 工作单格式
  • 卡片格式
题名:
开拓信息财富的艺术
    
 
作者: 袁晖 著
分册:  
出版信息: 北京   解放军出版社  1988.9
页数: 290页
开本: 19厘米
丛书名: 管理者丛书
单 册:
中图分类: C931.6
科图分类: 29.154
主题词: 信息学
电子资源:
ISBN: 7-5065-0625-4
000 00927nam2 2200277 45
001 0189027278
005 20070707154947.45
010    @a7-5065-0625-4@dCNY2.75
020    @aCN@b89027278
100    @a19911017d1988 m y0chiy0120 ea
101 0  @achi
102    @aCN@b110000
105    @ay z 000yy
200 10 @a开拓信息财富的艺术@Akai tuo xin xi cai fu de yi shu@f袁 晖等著@Fyuan hui deng zhu
210    @a北京@c解放军出版社@d1988.9
215    @a290页@d19厘米
225 2  @a管理者丛书@f赵 宏主编
330    @a本书介绍了信息发展的大趋势,信息传播原理,信息基本知识,信息的收集与加工,系统科学与管理信息系统,信息技术与计算机管理信息系统以及信息与企业经营管理。
410  0 @120010@a管理者丛书
540 1  @a信息 财富 艺术@Axin xi cai fu yi shu
606    @a信息学
690    @aC931.6@v1980
692    @a29.154@v1974
701  0 @a袁晖@Ayuan hui@4著
801  0 @aCN@bTSSF@c20070707
905    @a10447@dC931.6@e344
    
    开拓信息财富的艺术/袁 晖等著.-北京:解放军出版社,1988.9
    290页;19厘米.-(管理者丛书/赵 宏主编)
    
    
    ISBN 7-5065-0625-4:CNY2.75
    本书介绍了信息发展的大趋势,信息传播原理,信息基本知识,信息的收集与加工,系统科学与管理信息系统,信息技术与计算机管理信息系统以及信息与企业经营管理。
●
相关链接 在E读中查询图书 在五车中查询图书 在当当中查询图书 在豆瓣中查询图书


正题名:开拓信息财富的艺术     索取号:C931.6/344         预约/预借

序号 登录号 条形码 馆藏地/架位号 状态 备注
1 0766967   207669673   第一样本阅览室/ [索取号:C931.6/344] 在馆    
唐山师范学院图书馆 欢迎您!
大连网信软件有限公司© 版权所有